000 00255nam a2200085Ia 4500
245 0 _aGebed wat God verhoor
100 _a Barnard, Attie Wellington, [Suid-Afrika], 2009 1ste uitg
_9100686
942 _cBK
008 210817s9999 xx 000 0 und d
999 _c433152
_d433151